LEADER 01482nam0 22003493i 450 001 PUV0160129 005 20251003044311.0 010 $a019434133X 100 $a20191008d1986 ||||0itac50 ba 101 | $aeng$cita 102 $agb 181 1$6z01$ai $bxxxe 182 1$6z01$an 183 1$6z01$anc$2RDAcarrier 200 1 $aTechniques and principles in language teaching$fDiane Larsen-Freeman 210 $aNew York$aOxford$cOxford University Press$dc 1986 215 $aXV, 142 p.$d23 cm 225 | $aTeaching techniques in English as a second language 410 0$1001TO00333941$12001 $aTeaching techniques in English as a second language 500 10$aTechniques and principles in language teaching$3TO01885873$91574114 606 $aLingua inglese$xInsegnamento$2FIR$3CFIC000843$9E 676 $a428$9Lingua inglese. Uso standard della lingua (Linguistica applicata). Include la traduzione in e da altre lingue.$v22 700 1$aLarsen-Freeman$b, Diane$3MILV043380$4070$0460649 801 3$aIT$bIT-000000$c20191008 850 $aIT-BN0095 $aIT-NA0839 901 $bNAP 01$cL $n$ 901 $bNAP VR$cMODERNO $n$ 912 $aPUV0160129 950 0$aBiblioteca Centralizzata di Ateneo$c1 v.$d 01L (AR) 18 720$e 01AR 0700187205 VMA 1 v.$fB $h20191008$i20191008 977 $a 01$a VR 996 $aTechniques and principles in language teaching$91574114 997 $aUNISANNIO